000 00720nam a2200229 a 4500
001 72931
003 BD-RjUL
005 20211209082327.0
008 170525r19671965enka b 001 0 eng
035 _a(BD-RjUL)73149
040 _aDLC
_cDLC
_dBD-RjUL
_beng
041 _aeng
082 0 0 _a572.59
_223
_bCHE 1967
245 1 0 _aChemistry and biochemistry of plant pigments /
_cedited by T. W. Goodwin.
260 _aLondon,
_aNew York :
_bAcademic Press,
_c1965, [Second printing 1967]
300 _axiii, 583 p. :
_bill. ;
_c24 cm.
504 _aIncludes Index and bibliographies.
650 0 _aPlant pigments.
_9215720
650 0 _aBotanical chemistry.
_9121915
700 _aGoodwin, T. W.
_9215721
942 _2ddc
_cBK
999 _c72931
_d72931